000 04444nam a2201801 c 4500
001 a6366858
003 PE-LiUPU
005 20250813170015.0
008 181204s2017 sp a | |||| 000 0 spa
015 _aMON17
020 _a9788433029508
040 _aSpMaBN
_bspa
_cPE-LiUPU
_erda
_dPE-LiUPU
080 _a615.851.1
082 _223
_a615.851
_bR934m
100 1 _aRuiz Fernández, María Ángeles
_eautor
_4aut
240 1 0 _aManual de técnicas de intervención cognitivo conductuales
245 1 0 _aManual de técnicas y terapias cognitivo conductuales /
_cMª Ángeles Ruiz Fernández, Marta Isabel Díaz García, Arabella Villalobos Crespo
264 1 _aBilbao :
_bDesclée de Brouwer,
_c[2017]
300 _a660 páginas :
_bretratos (blanco y negro) ;
_c25 centímetros.
336 _aTexto
_2rdacontent
337 _asin mediación
_2rdamedia
338 _avolumen
_2rdacarrier
490 0 _aBiblioteca de psicología
_v222
500 _aEn la portada: UNED
504 _aIncluye referencias bibliográficas
505 _aHistoria de la Terapia Cognitivo Conductual -- El proceso en terapia de conducta: la evaluación conductual -- Técnicas operantes -- Terapias y técnicas de exposición -- Desensibilización sistemática y técnicas de relajación -- Técnicas de modelado y entrenamiento en habilidades sociales -- Terapia racional emotiva conductual (TREC) -- Terapia cognitiva -- Técnicas de habilidades de afrontamiento y solución de problemas -- Mindfulness -- Terapias de tercera generación -- Otras técnicas de intervención en terapia cognitivo conductual.
526 _aP203
526 _aP200
526 _aSEG65
526 _aSEG64
526 _aSEG63
526 _aSEG62
526 _aSEG61
526 _aSEG60
526 _aSEG59
526 _aSEG58
526 _aSEG57
526 _aSEG56
526 _aSEG55
526 _aSEG54
526 _aSEG53
526 _aSEG52
526 _aSEG51
526 _aSEG50
526 _aSEG49
526 _aSEG48
526 _aSEG47
526 _aSEG46
526 _aSEG24
526 _aSEG23
526 _aSEG22
526 _aSEG21
526 _aSEG20
526 _aSEG19
526 _aSEG18
526 _aSEG17
526 _aSEG16
526 _aSEG14
526 _aSEG13
526 _aSEG12
526 _aSEG11
526 _aSEG10
526 _aSEG09
526 _aSEG06
526 _aSEG05
526 _aSEG04
526 _aSEG03
526 _aSEG02
526 _aSEG68
526 _aSEG66
526 _aSEG45
526 _aSEG25
526 _aSEG01
526 _aP163
526 _aP162
526 _aP161
526 _aP160
526 _aP159
526 _aP158
526 _aP157
526 _aP156
526 _aP155
526 _aP154
526 _aP153
526 _aP152
526 _aP151
526 _aP150
526 _aP149
526 _aP142
526 _aP141
526 _aP140
526 _aP139
526 _aP138
526 _aP137
526 _aP132
526 _aP131
526 _aP130
526 _aP126
526 _aP125
526 _aP124
526 _aP123
526 _aP115
526 _aP122
526 _aP121
526 _aP116
526 _a P114
526 _aP112
526 _aP111
526 _aP104
526 _aP103
526 _aP102
526 _aP101
526 _aP100
526 _aP96
526 _aP95
526 _aP93
526 _aP92
526 _aP91
526 _aP88
526 _aP83
526 _aP82
526 _aP79
526 _aP78
526 _aP75
526 _aP74
526 _aP71
526 _aP69
526 _a P51
526 _aP49
526 _aP48
526 _aP47
526 _aP33
526 _aP31
526 _a P30
526 _aP29
526 _aP27
526 _aP26
526 _aP25
526 _aP24
526 _a P22
526 _aP10
526 _aP09
526 _a P08
526 _aP06
526 _aP05
526 _aP04
526 _aP01
650 7 _aTerapia cognitiva
_2embne
700 1 _aDíaz García, Marta Isabel
_eautor
_4aut
700 1 _aVillalobos Crespo, Arabella
_eautor
_4aut
942 _2ddc
_cBK
_n0
999 _c61737
_d61737
980 _618226
_aJaime Vilcazán Jefe de Análisis Documental
_81
_gALBERTO SANCHEZ Responsable de Automatización